Technológia automatizovanej výroby

Gespeichert in:
Bibliographische Detailangaben
Hauptverfasser: Bokučava, Givi (Verfasst von), Vasilko, Karol (Verfasst von)
Format: Buch
Sprache:Slowakisch
Veröffentlicht: Košice : Technická univerzita v Košiciach, 2003
Ausgabe:2. rozšír. vyd
Schlagworte:
Online-Zugang:OBSAH
Tags: Tag hinzufügen
Keine Tags, Fügen Sie das erste Tag hinzu!

MARC

LEADER 00000nam a22000003a 4500
001 stu115210
005 20150617225838.0
008 060327s2003----xo------------------slo-d
020 |a 80-7099-980-2 
040 |a STU  |b slo 
041 0 |a slo 
044 |a xo 
080 |a 681.5 
100 1 |a Bokučava, Givi  |4 aut 
245 1 |a Technológia automatizovanej výroby 
250 |a 2. rozšír. vyd 
260 |a Košice :  |b Technická univerzita v Košiciach,  |c 2003 
300 |a 310 s 
650 7 |a automatizovaná výroba  |2 stusub 
700 1 |a Vasilko, Karol  |4 aut 
856 4 |a https://sweb.mtf.stuba.sk/obsahy/technologia_automatiyovanej_vyroby_03.pdf  |u https://sweb.mtf.stuba.sk/obsahy/technologia_automatiyovanej_vyroby_03.pdf  |3 OBSAH 
996 |b 284M072671  |c M*11871-1  |l MMKN  |s A  |a 24  |w stu115210_0001 
996 |b 284M072672  |c M*11871-2  |l MMKN  |s A  |a 24  |w stu115210_0002 
996 |b 284M072673  |c M*11871-3  |l MMKN  |s A  |a 24  |w stu115210_0003 
996 |b 284M072674  |c M*11871-4  |l MMKN  |s A  |a 24  |w stu115210_0004 
996 |b 284M072675  |c M*11871-5  |l MMKN  |s A  |a 24  |w stu115210_0005